000 00303nam a22001337a 4500
008 170623b xxu||||| |||| 00| 0 eng d
020 _a9780075548522
041 _aeng
080 _a32
100 _a21
101 _aSHP
245 _aTHEORY OF INTERNATIONAL POLITICS
_cWALTZ.K.N
942 _2udc
_cBK
999 _c18882
_d18882